Central Library OPAC University of Rajshahi

General biochemistry / (Record no. 11975)

MARC details
000 -LEADER
fixed length control field 00748nam a2200253 a 4500
001 - CONTROL NUMBER
control field 11975
003 - CONTROL NUMBER IDENTIFIER
rucl marc code BD-RjUL
005 - DATE AND TIME OF LATEST TRANSACTION
control field 20211208235220.0
008 - FIXED-LENGTH DATA ELEMENTS--GENERAL INFORMATION
fixed length control field 140127s1958 nyua 001 0 eng
035 ## - SYSTEM CONTROL NUMBER
System control number (BD-RjUL)12024
040 ## - CATALOGING SOURCE
Original cataloging agency DLC
Transcribing agency DLC
Modifying agency DLC
-- BD-RjUL
Language of cataloging eng
041 ## - LANGUAGE CODE
Language code of text/sound track or separate title eng
082 00 - DEWEY DECIMAL CLASSIFICATION NUMBER
Classification number 574.19
Author mark and year FRG
100 1# - MAIN ENTRY--PERSONAL NAME
Personal name Fruton, Joseph S.
Fuller form of name (Joseph Stewart),
Dates associated with a name 1912-2007.
9 (RLIN) 37118
245 10 - TITLE STATEMENT
Title General biochemistry /
Statement of responsibility, etc. [by] Joseph S. Fruton [and] Sofia Simmonds.
250 ## - EDITION STATEMENT
Edition statement 2d ed.
260 ## - PUBLICATION, DISTRIBUTION, ETC. (IMPRINT)
Place of publication, distribution, etc. New York :
Name of publisher, distributor, etc. Wiley ,
Date of publication, distribution, etc. c1958 [Printing 1961,1963]
300 ## - PHYSICAL DESCRIPTION
Pagination 1077 p. :
Illustrations ill. ;
Size 24 cm.
504 ## - BIBLIOGRAPHY, ETC. NOTE
Bibliography, etc Includes index.
650 #0 - SUBJECT ADDED ENTRY--TOPICAL TERM
Topical term or geographic name as entry element Biochemistry.
9 (RLIN) 37119
700 1# - ADDED ENTRY--PERSONAL NAME
Personal name Simmonds, Sofia,
942 ## - ADDED ENTRY ELEMENTS (KOHA)
Source of classification or shelving scheme Dewey Decimal Classification
Koha item type Books
Holdings
Lost status Source of classification or shelving scheme Damaged status Not for loan Collection code Permanent Location Current Location Shelving location Date acquired Source of acquisition Cost, normal purchase price Total Checkouts Full call number Date last seen Copy number Koha item type
  Dewey Decimal Classification     Non-fiction Central Library, University of Rajshahi Central Library, University of Rajshahi   11/04/1968 Zeitlinger 162.00   574.19 FRG 1958 27/01/2014 C-8 Books
  Dewey Decimal Classification   Not For Loan Non-fiction Central Library, University of Rajshahi Central Library, University of Rajshahi Reading Room 07/01/1959 John Wiley & Sons 16.20   574.19 FRG 1958 19/04/2017 C-1 Books
  Dewey Decimal Classification     Non-fiction Central Library, University of Rajshahi Central Library, University of Rajshahi   07/11/1973 U.S. Gov. 0.00   574.19 FRG 1963 20/05/2017 C-2 Books
  Dewey Decimal Classification     Non-fiction Central Library, University of Rajshahi Central Library, University of Rajshahi   11/04/1967 U.S.A. : Asia Foundation 0.00   574.19 FRG 1959 20/05/2017 C-3 Books
  Dewey Decimal Classification     Non-fiction Central Library, University of Rajshahi Central Library, University of Rajshahi   11/04/1968 Zeitlinger 162.00   574.19 FRG 1963 20/05/2017 C-4 Books
  Dewey Decimal Classification     Non-fiction Central Library, University of Rajshahi Central Library, University of Rajshahi   11/04/1968 Zeitlinger 162.00   574.19 FRG 1963 20/05/2017 C-5 Books
  Dewey Decimal Classification     Non-fiction Central Library, University of Rajshahi Central Library, University of Rajshahi   07/11/1973 U. S. Govt. 0.00   574.19 FRG 1963 20/05/2017 C-6 Books
  Dewey Decimal Classification     Non-fiction Central Library, University of Rajshahi Central Library, University of Rajshahi   07/11/1973 U. S. Govt. 0.00   574.19 FRG 1963 20/05/2017 C-7 Books
  Dewey Decimal Classification     Non-fiction Central Library, University of Rajshahi Central Library, University of Rajshahi   07/11/1973 U. S. Govt. 0.00   574.19 FRG 1963 20/05/2017 C-9 Books
  Dewey Decimal Classification     Non-fiction Central Library, University of Rajshahi Central Library, University of Rajshahi   07/11/1973 U. S. Govt. 0.00   574.19 FRG 1963 20/05/2017 C-10 Books
  Dewey Decimal Classification     Non-fiction Central Library, University of Rajshahi Central Library, University of Rajshahi   31/01/1963 Zeitlinger 113.00   574.19 FRG 1961 10/01/2019 C-11 Books
  Dewey Decimal Classification     Non-fiction Central Library, University of Rajshahi Central Library, University of Rajshahi   11/04/1968 Zeitlinger 162.00   574.19 FRG 1963 05/02/2019 C-12 Books